| 000 | 00651nam a22002173a 4500 | ||
|---|---|---|---|
| 005 | 20210223124432.0 | ||
| 008 | 011011s1999 mx r 000 0 spa d | ||
| 020 | _a970183223X | ||
| 035 | _aUPN01000112839 | ||
| 049 | _aCG | ||
| 050 | 4 |
_aN25 C5.7 _bM6.6 |
|
| 100 | 1 |
_aMontero Alarcón, Alma Lourdes _936675 |
|
| 245 | 1 | 0 |
_aMonjas coronadas / _cAlma Montero Alarcón. |
| 260 |
_aMéxico : _bCNCA, _c1999. |
||
| 300 |
_a32, [31] p. : _bil. col. |
||
| 440 | 0 | _aCírculo de arte | |
| 650 | 4 |
_aCONVENTOS Y MONASTERIOS - _xHISTORIA _911103 |
|
| 650 | 4 |
_aPINTURA BARROCA _911104 |
|
| 650 | 4 |
_aVIDA MONASTICA Y RELIGIOSA DE MUJERES _98765 |
|
| 905 | _aLibro | ||
| 999 |
_c86747 _d86747 |
||